000 00859cam a2200337 4500500
005 20260405003521.0
041 _afre
042 _adc
100 1 0 _aLochmann, Arthur
_eauthor
245 0 0 _aCouches pour bébé, le soin contrarié
260 _c2022.
500 _a49
690 _aArtificiel
690 _aattention
690 _aBébé
690 _aCare
690 _aChanger
690 _aDéchets
690 _aEnfant
690 _aHygiène
690 _aMerde
690 _aNaturel
690 _anudité
690 _aPaternité
690 _aPlastique
690 _apollution
690 _aSoin
690 _aWinnicott
786 0 _nPhilosophie magazine | 160 | 6 | 2022-06-01 | p. 19-20 | 1951-1787
856 4 1 _uhttps://shs.cairn.info/magazine-philosophie-magazine-2022-6-page-19?lang=fr&redirect-ssocas=7080
999 _c2068287
_d2068287